Normal view
MARC view
- Schmitt, E.
Entry Nombre Personal
001 - NUMERO DE CONTROL
- campo de control: 53396
003 - IDENTIFICADOR DE NUMERO DE CONTROL
- campo de control: MX-MxUPN
005 - FECHA Y HORA DE LA ÜLTIMA TRANSACCIÓN
- campo de control: 20240903101419.0
008 - DATOS DE LONGITUD FIJA
- campo de control de longitud fija: 240903|| acn||aabn | aaa d
040 ## - FUENTE DE CATALOGACIÓN
- Agencia original de catalogación: MX-MxUPN
- Lenguaje de catalogación: spa
- Agencia de transcripción: MX-MxUPN
100 1# - ENCABEZAMIENTO - NOMBRE PERSONAL
- Nombre personal: Schmitt, E.
370 ## - LUGAR ASOCIADO
- Associated country: Francia
373 ## - GRUPO ASOCIADO
- Associated group: École Communale a Paris
670 ## - FUENTE EN LA QUE SE LOCALIZARON DATOS
- Cita de la fuente: La pédagogie : du travail manual, 1888 :
- Información localizada: portada (E. Schmitt Directeur d'École Communale a Paris)
902 ## - CATALOGADOR
- Catalogador: MaríaRobles/030924
